Statistiques concernant Premières paroles - Sexion d'Assaut

Cliquez ici pour prendre le quiz!

Statistiques générales

  • Ce quiz a été pris 218 fois
  • Le résultat moyen est 7 sur 15

Statistiques - réponses

ParolesChanson% Correct
J’ai préféré partir et m’isoler, maman, comment te dire, j'suis (titre de la chanson)Désolé
90%
Le soir s’approche ça s'tape des barres, ça fume des sbars comme si c'tait légalWati by Night
84%
Insensé, insensible, tu l'aimes mais pourtant tu la fuisAvant qu’elle parte
82%
J'ai demandé pardon sans qu'on puisse me l'accorder, j'ai demandé ma route sans qu'on puisse me l'indiquerMa direction
77%
Il est branché à des machines, cloué dans son lit à l'hosto, il dit à sa mère de faire confiance à la médecineProblèmes d’adultes
61%
J'ai fait un rêve, j'ai vu la Terre, belle ronde avec une squette'Casquette à l’envers
54%
Au début, j'faisais du son pour épater les collégiennes, ensuite, j'le faisais pour épater les lycéennesBalader
53%
Hé, akhi, hé, Murder, l'inspi' provient de Me-da, ça m'a tout l'air d'un hold-up, ramène mon verre de sodaWati House
47%
(Titre de la chanson), ne jugez pas, chaque humain est comme il est, je n'suis qu'un (titre de la chanson)
Africain
40%
Vous êtes morts dans le film, on est puissant comme la Chine, s'tu survis au premier 16, tu finiras tétraplégiqueDisque d’or
38%
Si j'fumais, j'aurais pété une clope, j'déborde d'inspiration, pas besoin de drogueParis va bien
31%
C'est l'Wati-B ça sent la diff', inconsciemment ça sent le biff', tu sens la diff', ça sent le biff'Qui t’a dit ?
28%
J'voudrais sortir la daronne de son HLM pourrave, plus voir la p'tite sœur charbonner chez H&M : courageJ’ai pas les loves
23%
Pambola ngai, nzambe pambola ngai, Limbisa ngai, nzambe limbisa ngai, limbisa ngai, nzambe limbisa ngaiJ’reste debout
16%
J'te parle de mes problèmes encore, de toutes mes raisons et mes torts, un passé recouvert de plaiesMelrose Place
13%

Distribution des résultats

Percentile par nombre de réponses

% des personnes avec chaque résultat

Votre développement - résultats

Vous n’avez pas pris ce quiz